Accumulating histories : African art from the Charles B. Benenson collection at the Yale University Art Gallery
Saved in:
| Hovedforfatter: | |
|---|---|
| Format: | Bog |
| Sprog: | engelsk |
| Udgivet: |
: Yale University Art Gallery
2012
|
| Tags: |
Tilføj Tag
Ingen Tags, Vær først til at tagge denne postø!
|
MARC
| LEADER | 00000nam a22000007a 4500 | ||
|---|---|---|---|
| 008 | 240422b |||||||| |||| 00| 0 eng d | ||
| 020 | |a 9780300169928 | ||
| 100 | |a LAMP, Frederick John |a Maples, Amanda M |a Smalligan, Laura M., | ||
| 245 | |a Accumulating histories |b : African art from the Charles B. Benenson collection at the Yale University Art Gallery |c / by Frederick John Lamp, Amanda M. Maples, and Laura M. Smalligan |g 327p;ill | ||
| 260 | |b : Yale University Art Gallery |c 2012 |h New Haven |i 702942 |l N7380.5.L16 |m Benenson, Charles B., 1913-2004--Art collections. |m Art, African--Collectors and collecting--United States |m Sculpture, African--Exhibitions |m Art objects, African Exhibitions | ||
| 500 | |a it includes index | ||
| 942 | |a lcc |c BK |e Johnson |f 22/04/24 | ||
| 952 | |0 0 |1 0 |2 lcc |4 0 |6 N73805 L16 |7 0 |9 5070 |a HOL |b HOL |c LP |d 2024-04-22 |l 0 |o N7380.5.L16 |p 2024-0320 |r 2024-04-22 00:00:00 |t 702942 |w 2024-04-22 |y BK | ||
| 999 | |c 2517 |d 2517 | ||